LEADER 00841cam0-22003131i-450- 001 990004053100403321 005 20121106132539.0 010 $a0-19-281208-4 035 $a000405310 035 $aFED01000405310 035 $a(Aleph)000405310FED01 035 $a000405310 100 $a19990604d1977----km-y0itay50------ba 101 0 $aeng 102 $aGB 105 $af-------00-cd 200 1 $aArtaud and after$fRonald Hayman 210 $aOxford$cOxford University press$d1977 215 $aXV, 189 p., [8] c. di tav.$d20 cm 610 0 $aArtaud, Antonin 676 $a842.912 700 1$aHayman,$bRonald$0131862 801 0$aIT$bUNINA$gRICA$2UNIMARC 901 $aBK 912 $a990004053100403321 952 $a842.912 ARTA/S 1$bDip.f.m.1932$fFLFBC 959 $aFLFBC 996 $aArtaud and after$9469250 997 $aUNINA LEADER 01680oam 2200517 450 001 9910706726703321 005 20200612101456.0 035 $a(CKB)5470000002458193 035 $a(OCoLC)640116030 035 $a(EXLCZ)995470000002458193 100 $a20100519j201003 ka 0 101 0 $aeng 135 $aur||||||||||| 181 $ctxt$2rdacontent 182 $cc$2rdamedia 183 $acr$2rdacarrier 200 10$aStress wave and damage propagation in transparent laminates at elevated temperatures /$fElmar Straßburger 210 1$aAberdeen Proving Ground, MD :$cArmy Research Laboratory,$dMarch 2010. 215 $a1 online resource (58 unnumbered pages) $cillustrations 300 $a"March 2010." 300 $a"ARL-CR-639." 300 $a"Prepared by Fraunhofer-Gesellschaft zur Fo?rderung der angewandten Forschung e.V." 300 $a"E-13/09"--Report documentation page. 320 $aIncludes bibliographical references. 606 $aVisualization 606 $aStress waves 606 $aFluid mechanics 606 $aCeramic materials 606 $aTransparency 606 $aAluminum oxide 615 0$aVisualization. 615 0$aStress waves. 615 0$aFluid mechanics. 615 0$aCeramic materials. 615 0$aTransparency. 615 0$aAluminum oxide. 700 $aStrassburger$b Elmar$01399321 712 02$aU.S. Army Research Laboratory, 801 0$bDTICE 801 1$bDTICE 801 2$bOCLCQ 801 2$bGPO 906 $aBOOK 912 $a9910706726703321 996 $aStress wave and damage propagation in transparent laminates at elevated temperatures$93464312 997 $aUNINA